000
00348 a2200169 4500
001
171036
020
_a
85-357-0375-6
040
_c
Magnum
100
_a
Martinelli, Tânia Alexandre
240
1
0
_a
Pai? eu?!
_l
por
245
1
0
_a
Pai? eu?!
300
_a
112
362
0
_a
2004
440
1
_a
Atual
697
_a
LITERATURA JUVENIL
942
_c
BK
999
_c
171036
_d
171036